| 000 | 00634nam a22001697a 4500 | ||
|---|---|---|---|
| 020 | _qHard Cover. | ||
| 082 | _a629.8 | ||
| 100 | _aMuhammad Shoaib Azam. | ||
| 245 |
_aA benchmark of computational models of saliency to predict human fixation in videos / _cMuhammad Shoaib Azam. |
||
| 260 |
_aIslamabad: _bSMME - NUST, _c2014. |
||
| 300 |
_a47 p. : _bill. ; _c30cm. |
||
| 650 |
_aRobotics and Intelligent Machine Engineering MS-Thesis. _916127 |
||
| 700 |
_aDr. Syed Omer Gilani _916175 |
||
| 856 | _uhttp://10.250.8.41:8080/xmlui/handle/123456789/26268 | ||
| 942 |
_2ddc _cTHE |
||
| 999 |
_c541179 _d541179 |
||